Le développenment du logiciel /
L'ingénierie des méthodes de développement, Un ensemble de différents cycles de vie applicatifs, L'interaction entre les leurs développements, L'approche technique de la méthode orientée objet...
Tallennettuna:
| Päätekijä: | |
|---|---|
| Aineistotyyppi: | Kirja |
| Kieli: | French |
| Julkaistu: |
Paris :
Hermes,
1995.
|
| Aiheet: | |
| Tagit: |
Lisää tagi
Ei tageja, Lisää ensimmäinen tagi!
|
| Thư viện lưu trữ: | Mạng thư viện Đại học Đà Nẵng |
|---|
| LEADER | 01054cam a2200349 i 4500 | ||
|---|---|---|---|
| 001 | 000044255 | ||
| 003 | 2607 | ||
| 005 | 20030319102954.0 | ||
| 008 | 010307|1995 vm 000 fre | ||
| 020 | |a 2866014642 | ||
| 040 | |a IRC |c IRC |d IRC | ||
| 041 | 0 | |a fre | |
| 082 | 1 | 4 | |a 005.3 |b CA-A |
| 100 | 1 | |a Carlier, Alphonse. | |
| 245 | 0 | 3 | |a Le développenment du logiciel / |c Alphonse Carlier. |
| 260 | |a Paris : |b Hermes, |c 1995. | ||
| 300 | |a 253P. ; |c 23,5cm. | ||
| 520 | 3 | |a L'ingénierie des méthodes de développement, Un ensemble de différents cycles de vie applicatifs, L'interaction entre les leurs développements, L'approche technique de la méthode orientée objet... | |
| 630 | 0 | 4 | |a Computer. |
| 630 | 0 | 4 | |a Logiciel. |
| 630 | 0 | 4 | |a Technology. |
| 650 | 0 | 4 | |a Logiciel, le développement du |x Technology. |
| OWN | |a DUT | ||
| 999 | |a From the UDN01 | ||
| TYP | |a Monograph | ||
| TYP | |a Printed language | ||
| 980 | |a Mạng thư viện Đại học Đà Nẵng | ||


